Meilleurs joueurs 5 grands championnats depuis 2010 - Statistiques

Statistiques générales
  • Ce quiz a été pris 2 315 fois
    600 depuis la dernière actualisation
  • Le résultat moyen est 60 sur 74
Statistiques - réponses
Championnat Saison Club Joueur % Correct
Ligue 1 2018-2019 PSG Kylian Mbappe
99%
Ligue 1 2020-2021 PSG Kylian Mbappe
99%
Ligue 1 2021-2022 PSG Kylian Mbappe
99%
Ligue 1 2022-2023 PSG Kylian Mbappe
99%
Ligue 1 2023-2024 PSG Kylian Mbappe
99%
Serie A 2018-2019 Juventus Cristiano Ronaldo
98%
Liga 2013-2014 Real Madrid Cristiano Ronaldo
98%
Liga 2010-2011 FC Barcelone Lionel Messi
98%
Liga 2011-2012 FC Barcelone Lionel Messi
98%
Liga 2012-2013 FC Barcelone Lionel Messi
98%
Liga 2014-2015 FC Barcelone Lionel Messi
98%
Liga 2016-2017 FC Barcelone Lionel Messi
98%
Liga 2017-2018 FC Barcelone Lionel Messi
98%
Liga 2018-2019 FC Barcelone Lionel Messi
98%
Premier League 2017-2018 Liverpool Mohamed Salah
98%
Premier League 2021-2022 Liverpool Mohamed Salah
98%
Premier League 2024-2025 Liverpool Mohamed Salah
98%
Ligue 1 2024-2025 PSG Ousmane Dembélé
97%
Ligue 1 2012-2013 PSG Zlatan Ibrahimovic
97%
Ligue 1 2013-2014 PSG Zlatan Ibrahimovic
97%
Ligue 1 2015-2016 PSG Zlatan Ibrahimovic
97%
Serie A 2010-2011 AC Milan Zlatan Ibrahimovic
97%
Premier League 2022-2023 Manchester City Erling Haaland
96%
Ligue 1 2017-2018 PSG Neymar
96%
Bundesliga 2024-2025 Bayern Munich Harry Kane
95%
Ligue 1 2016-2017 PSG Edinson Cavani
94%
Liga 2015-2016 Atletico Madrid Antoine Griezmann
93%
Liga 2022-2023 Atlético Madrid Antoine Griezmann
93%
Ligue 1 2010-2011 LOSC Eden Hazard
93%
Ligue 1 2011-2012 LOSC Eden Hazard
93%
Premier League 2014-2015 Chelsea Eden Hazard
93%
Premier League 2019-2020 Manchester City Kevin De Bruyne
93%
Premier League 2020-2021 Manchester City Kevin De Bruyne
93%
Bundesliga 2014-2015 Wolfsburg Kevin De Bruyne
93%
Liga 2019-2020 Real Madrid Karim Benzema
92%
Liga 2021-2022 Real Madrid Karim Benzema
92%
Bundesliga 2017-2018 Bayern Munich Robert Lewandowski
92%
Bundesliga 2019-2020 Bayern Munich Robert Lewandowski
92%
Bundesliga 2020-2021 Bayern Munich Robert Lewandowski
92%
Ligue 1 2014-2015 OL Alexandre Lacazette
90%
Premier League 2015-2016 Leicester Riyad mahrez
82%
Bundesliga 2023-2024 Bayer Leverkusen Florian Wirtz
81%
Serie A 2023-2024 Inter Milan Lautaro Martinez
81%
Premier League 2016-2017 Chelsea N'golo Kanté
81%
Premier League 2018-2019 Liverpool Virgil Van Dijk
79%
Liga 2024-2025 FC Barcelone Raphinha
78%
Bundesliga 2022-2023 Dortmund Jude Bellingham
76%
Liga 2023-2024 Real Madrid Jude Bellingham
76%
Bundesliga 2010-2011 Schalke 04 Manuel Neuer
76%
Bundesliga 2013-2014 Bayern Munich Manuel Neuer
76%
Premier League 2013-2014 Liverpool Luis Suarez
75%
Premier League 2023-2024 Manchester City Phil Foden
75%
Bundesliga 2011-2012 Monchengladbach Marco Reus
72%
Bundesliga 2018-2019 Dortmund Marco Reus
72%
Serie A 2011-2012 Juventus Andrea Pirlo
68%
Serie A 2012-2013 Juventus Andrea Pirlo
68%
Serie A 2013-2014 Juventus Andrea Pirlo
68%
Bundesliga 2021-2022 Leipzig Christopher Nkunku
65%
Serie A 2019-2020 Juventus Paulo Dybala
62%
Bundesliga 2016-2017 Bayern Munich Philipp Lahm
62%
Serie A 2016-2017 Juventus Gianluigi Buffon
61%
Serie A 2022-2023 Naples Khvicha Kvaratskhelia
61%
Serie A 2021-2022 AC Milan Rafael Leao
61%
Serie A 2024-2025 Naples Scott McTominay
58%
Premier League 2010-2011 Tottenham Gareth Bale
56%
Premier League 2012-2013 Tottenham Gareth Bale
56%
Serie A 2020-2021 Inter Milan Romelu Lukaku
56%
Liga 2020-2021 Atletico Madrid Jan Oblak
52%
Premier League 2011-2012 Arsenal Robin Van Persie
50%
Serie A 2015-2016 Juventus Leonardo Bonucci
46%
Bundesliga 2015-2016 Bayern Munich Jerome Boateng
40%
Serie A 2014-2015 Juventus Carlos Tevez
39%
Serie A 2017-2018 Inter Milan Mauro Icardi
36%
Bundesliga 2012-2013 Bayern Munich Bastian Schweinsteiger
33%
Aucun quiz correspondant
Distribution des résultats
% des personnes avec chaque résultat
Percentile par nombre de réponses
Votre historique - résultats
Vous n’avez pas pris ce quiz depuis la dernière actualisation